| 000 | 01653nam a2200445Ii 4500 | ||
|---|---|---|---|
| 001 | DIGSLX0139 | ||
| 003 | NyNyDIG | ||
| 007 | cr ||||||||||| | ||
| 008 | 161109s2004 sp ab ob 001 0 spa d | ||
| 006 | m o d | ||
| 035 | _a(OCoLC)957124217 | ||
| 040 |
_aDGITA _beng _erda _epn _cDGITA |
||
| 020 | _z8477370214 | ||
| 020 | _z9788477370215 | ||
| 043 | _ae-sp--- | ||
| 050 | 4 |
_aN7102 _b.B46 2004 |
|
| 100 | 1 |
_aBendala Galán, Manuel, _eauthor. |
|
| 245 | 1 | 3 |
_aLa antigüedad : _bde la prehistoria a los visigodos / _cManuel Bendala Galán. |
| 264 | 1 |
_a[Madrid, Spain] : _bSílex, _c[2004] |
|
| 300 |
_a1 online resource : _billustrations (some color), map. |
||
| 336 |
_atext _btxt _2rdacontent |
||
| 337 |
_acomputer _bc _2rdamedia |
||
| 338 |
_aonline resource _bcr _2rdacarrier |
||
| 490 | 1 |
_aIntroducción al arte español ; _vvolumen 1 |
|
| 504 | _aIncludes bibliographical references and index. | ||
| 588 | 0 | _aOnline resource; title from PDF title page (Digitalia, viewed November 11, 2016) | |
| 650 | 0 |
_aArt, Ancient _zSpain. |
|
| 650 | 0 | _aArt, Primitive. | |
| 650 | 0 |
_aArt _zSpain. |
|
| 651 | 0 |
_aSpain _xAntiquities. |
|
| 651 | 0 |
_aSpain _xAntiquities, Roman. |
|
| 655 | 0 | _aElectronic books. | |
| 791 | 2 |
_aDigitalia (Firm), _edistributor. |
|
| 793 | 0 |
_gDigitalia eBook Collection: _aSílex Ediciones |
|
| 776 | 0 | 8 |
_iPrint version: _aBendala Galán, Manuel. _tAntigüedad. _dMadrid : Sílex, ©2004 _z8477370214 _w(OCoLC)226395945 |
| 830 | 0 |
_aIntroducción al arte español ; _vv. 1. |
|
| 856 | 4 | 0 |
_3Digitalia Hispánica _uhttps://www.digitaliapublishing.com/a/1279/ |
| 910 | _aPremium Collection: 2016 | ||
| 942 | _cRAA | ||
| 999 |
_c230117 _d230117 |
||